Guess the Mystery Song from the Lyrics #7 - Statistics

General Stats
  • This quiz has been taken 15 times
  • The average score is 141 of 305
Answer Stats
Lyrics % Correct
And
100%
and
100%
I
100%
by
93%
me
93%
the
93%
The
93%
my
86%
to
86%
we
86%
you
86%
You
86%
love
79%
on
79%
When
79%
your
79%
Do
71%
in
71%
it
71%
so
71%
they
71%
what
71%
You're
71%
you're
71%
as
64%
go
64%
it's
64%
like
64%
want
64%
don't
57%
Don't
57%
down
57%
for
57%
get
57%
need
57%
Oh
57%
that
57%
but
50%
got
50%
Just
50%
just
50%
Some
50%
told
50%
was
50%
wrong
50%
could
43%
have
43%
things
43%
think
43%
Girl
36%
sometimes
36%
stay
36%
take
36%
tell
36%
Tell
36%
those
36%
boys
29%
came
29%
change
29%
feel
29%
girls
29%
gonna
29%
Gotta
29%
let
29%
more
29%
put
29%
same
29%
seem
29%
thought
29%
worry
29%
alright
21%
any
21%
dreams
21%
find
21%
hair
21%
hope
21%
little
21%
Little
21%
Maybe
21%
nights
21%
records
21%
song
21%
ahead
14%
bar
14%
birds
14%
cinnamon
14%
concrete
14%
double
14%
dutch
14%
even
14%
faded
14%
favorite
14%
hesitate
14%
jeans
14%
realize
14%
Sapphire
14%
sat
14%
Summer
14%
sweet
14%
tea
14%
than
14%
Three
14%
window
14%
afraid
7%
afro
7%
awake
7%
Blue
7%
fool
7%
hairdo
7%
kept
7%
lonely
7%
longer
7%
other
7%
relax
7%
roadside
7%
Sipping
7%
sky
7%
somehow
7%
somewhere
7%
strange
7%
sunburnt
7%
try
7%
yourself
7%
Pity
0%
pity's
0%
Put Your Records On - Corinne Bailey Rae
0%
sake
0%
stronger
0%
No matching quizzes found
Score Distribution
Percent of People with Each Score
Percentile by Number Answered
Your Score History
You have not taken this quiz